Mis recuerdos de la guerra civil española. (Record no. 168697)

MARC details
000 -LEADER
campo de control de longitud fija 00693nam a22001935i 4500
001 - NÚMERO DE CONTROL
campo de control 168697
003 - IDENTIFICADOR DE NÚMERO DE CONTROL
campo de control ES-MaACL
005 - FECHA Y HORA DE LA ÚLTIMA TRANSACCIÓN
campo de control 20230906213848.0
008 - DATOS DE LONGITUD FIJA--INFORMACIÓN GENERAL
campo de control de longitud fija 080513s2007 sp |||| | spa d
080 ## - NÚMERO DE LA CLASIFICACIÓN DECIMAL UNIVERSAL
Número de la Clasificación Decimal Universal 929 Diamante Cabrera, Julián
080 ## - NÚMERO DE LA CLASIFICACIÓN DECIMAL UNIVERSAL
Número de la Clasificación Decimal Universal 94(460)"1936/39"(093.3)
100 1# - ENTRADA PRINCIPAL--NOMBRE DE PERSONA
Nombre de persona Diamante Cabrera, Julián.
9 (RLIN) 137783
245 10 - MENCIÓN DEL TÍTULO
Título Mis recuerdos de la guerra civil española.
250 ## - MENCION DE EDICION
Mención de edición 1ª ed.
260 ## - PUBLICACIÓN, DISTRIBUCIÓN, ETC.
Lugar de publicación, distribución, etc. Madrid :
Nombre del editor, distribuidor, etc. Instituto de Mayores y Servicios Sociales,
Fecha de publicación, distribución, etc. 2007.
300 ## - DESCRIPCIÓN FÍSICA
Extensión 205 p. :
Otras características físicas fot. ;
Dimensiones 26 cm.
651 #4 - PUNTO DE ACCESO ADICIONAL DE MATERIA--NOMBRE GEOGRÁFICO
Nombre geográfico España-
Subdivisión general Historia-
Subdivisión cronológica 1936-1939, Guerra civil-
Subdivisión de forma Relatos personales.
9 (RLIN) 8326
852 4# - LOCALIZACIÓN
Ubicación ES-MaACL
Número de control de estantería L-29481
itemnumber R.143214
Nota libre . - Ded. autógr. de Julio Diamante
Holdings
Estatus retirado Estado de pérdida Estado de daño No para préstamo Biblioteca de origen Biblioteca actual Ubicación en estantería Fecha de adquisición Fuente de adquisición Total de préstamos Signatura topográfica completa Código de barras Visto por última vez Precio de reemplazo Tipo de ítem Koha
        Biblioteca del Ateneo de Madrid Biblioteca del Ateneo de Madrid Depósito 2 13/05/2008     L-29481 1177035 23/02/2023 23/02/2023 Libro impreso